ARRUPE JESUIT UNIVERSITY

CORONAVIRUS -STOP THE SPREAD - CLEAN,DISINFECT,COVER

Orientation by disorientation : (Record no. 122218)

MARC details
000 -LEADER
fixed length control field 01180cam a2200301 i 4500
001 - CONTROL NUMBER
control field 4663267
003 - CONTROL NUMBER IDENTIFIER
control field ARRUPE
005 - DATE AND TIME OF LATEST TRANSACTION
control field 20150306115014.0
008 - FIXED-LENGTH DATA ELEMENTS--GENERAL INFORMATION
fixed length control field 800829s1980 pauc b 011 0 eng
010 ## - LIBRARY OF CONGRESS CONTROL NUMBER
LC control number 80021842
020 ## - INTERNATIONAL STANDARD BOOK NUMBER
International Standard Book Number 0915138441 (pbk.)
040 ## - CATALOGING SOURCE
Original cataloging agency DLC
Transcribing agency DLC
Modifying agency DLC
050 00 - LIBRARY OF CONGRESS CALL NUMBER
Classification number BS511.2
Item number .O74 1980
082 00 - DEWEY DECIMAL CLASSIFICATION NUMBER
Classification number 220.6
Edition number 19
300 ## - PHYSICAL DESCRIPTION
Other physical details port. ;
Dimensions 22 cm.
100 ## - MAIN ENTRY--PERSONAL NAME
Personal name Beardslee, William A.
9 (RLIN) 15593
245 00 - TITLE STATEMENT
Title Orientation by disorientation :
Remainder of title studies in literary criticism and Biblical literary criticism, presented in honor of William A. Beardslee /
Statement of responsibility, etc edited by Richard A. Spencer.
260 ## - PUBLICATION, DISTRIBUTION, ETC. (IMPRINT)
Place of publication, distribution, etc Pittsburgh, Pa. :
Name of publisher, distributor, etc Pickwick Press,
Date of publication, distribution, etc 1980.
300 ## - PHYSICAL DESCRIPTION
Extent xxx, 270 p. :
440 #0 - SERIES STATEMENT/ADDED ENTRY--TITLE
Title Pittsburgh theological monograph series ;
Volume number/sequential designation 35
9 (RLIN) 15594
500 ## - GENERAL NOTE
General note Includes indexes.
504 ## - BIBLIOGRAPHY, ETC. NOTE
Bibliography, etc "Bibliography of the writings of William A. Beardslee covering the period, 1949-1979": p. xvii-xxvii.
600 10 - SUBJECT ADDED ENTRY--PERSONAL NAME
Personal name Beardslee, William A.
9 (RLIN) 15595
630 #0 - SUBJECT ADDED ENTRY--UNIFORM TITLE
Uniform title Bible
General subdivision Criticism, interpretation, etc.
9 (RLIN) 15596
700 1# - ADDED ENTRY--PERSONAL NAME
Personal name Beardslee, William A.
9 (RLIN) 15597
700 1# - ADDED ENTRY--PERSONAL NAME
Personal name Spencer, Richard A. (ed.)
9 (RLIN) 15598
906 ## - LOCAL DATA ELEMENT F, LDF (RLIN)
a 7
b cbc
c orignew
d 1
e ocip
f 19
g y-gencatlg
942 ## - ADDED ENTRY ELEMENTS (KOHA)
Source of classification or shelving scheme Library of Congress Classification
Koha item type Monograph ( Printed materials)
Holdings
Withdrawn status Lost status Source of classification or shelving scheme Damaged status Not for loan Collection code Home library Current library Shelving location Date acquired Total Checkouts Full call number Barcode Date last seen Price effective from Koha item type
    Library of Congress Classification     Main Collection ARRUPE LIBRARY ARRUPE LIBRARY Main Collection 26/02/2015   BS511.2 .O74 1980 46500000960 07/12/2016 26/02/2015 Monograph ( Printed materials)

 

Arrupe Library. PO Box MP320 Mt Pleasant, Harare, Zimbabwe
263 242 745411|librarian@aju.ac.zw